02442cam a22003375i 450000100090000000300040000900500170001300800410003001000170007102000180008804000230010604200080012908200170013710000410015424500860019526300090028126400440029030000140033433600260034833700280037433800270040249000520042952009730048190600450145494200400149995201370153995201370167695201370181395201370195099900170208721840369OSt20250610122809.0201215s2021 cau 000 0 eng  a 2020952152 a9780143461753 aDLCbengerdacDLC apcc a658.4bCHA/K1 aChatterjee, Debashiseauthor.91054510aKarma Sutras :bleadership and wisdom for uncertain times /cDebashis Chatterjee. a2102 1aHaryana :bPenguin Random House,c2021. a188 pages atextbtxt2rdacontent aunmediatedbn2rdamedia avolumebnc2rdacarrier0 aSage iim-kozhikode series for new managers;vna a"Blurb Karma Yoga or Deep Work can simply be expressed by this formula: where p = actual performance P = potential i = interference Leaders get caught in co-relations and do not look at causalities. Minimizing interference (company cultures, 'I'/'Me' = Ego) to one's potential makes all the difference. Leadership is not about doing more, it is about observing more. Karma Sutras presents timeless leadership insights for the 21st century new managers. It vividly encapsulates the scientific and spiritual truths about organization, work, self-mastery and the purpose of leadership in the 4.0 VUCA world. Laced with small narratives from current issues to motivating stories and relatable quotes, the book caters to aspiring leaders and first-time managers alike. It provides deep anchors in spirituality for managers struggling in the post-COVID world. Debashis Chatterjee is Director at IIM Kozhikode, India and a globally published author"--cProvided by publisher. a0bibccorignewd2eepcnf20gy-gencatlg 2ddccBKh658.4iCHA/Kk658.4mCHA/K 00102ddc40708MANAGEMENTaMESbMEScMANAGEMENTd2025-06-10l0o658.4 CHA/Kp45943r2025-06-10 12:28:02t1w2025-06-10yBKzGL55R1 00102ddc40708MANAGEMENTaMESbMEScMANAGEMENTd2025-06-10l0o658.4 CHA/Kp45944r2025-06-10 12:28:02t2w2025-06-10yBKzGL55R1 00102ddc40708MANAGEMENTaMESbMEScMANAGEMENTd2025-06-10l0o658.4 CHA/Kp45945r2025-06-10 12:28:02t3w2025-06-10yBKzGL55R1 00102ddc40708MANAGEMENTaMESbMEScMANAGEMENTd2025-06-10l0o658.4 CHA/Kp45946r2025-06-10 12:28:02t4w2025-06-10yBKzGL55R1 c44539d44539